00293nam a22000737a 4500082001900000110000900019245015400028526003700182 a624.15136bTEC aGOV. aTech Data Ttarbala Dam,Design and construction of Simly dam; Khanpur Dam, site selection Kala Bagh Dam. bproceedings 12th intl conf on soil Mech.  a0b0c0d624_151360000000000_TEC